000 00646nam a2200253Ia 4500
001 384
005 20240113233412.0
007 ta
008 050111s1972 a g b000 u eng u
020 _a0 600 361101
040 _aCotton College,Assam
041 _aeng
082 _a511
_bSo 47 M
100 _aSolomon, Charles .
245 0 _aMathematics /
_cCharles Solomon.
_hTextual Documents
250 _a2nd ed. /
260 _aLondon :
_bPaul Hamlyn ,
_c1972.
300 _a159p. :
_bill ;
_c18cm .
653 _aMathematics
653 _aReference-Mathematics
942 _2ddc
_cBK
999 _c382
_d382